Top 500 Baby Girl Names in the USA in the 1970's - Statistics

General Stats
  • This quiz has been taken 4,648 times
  • The average score is 272 of 500
Answer Stats
Answer % Correct
15 Mary
96%
100 Ann
95%
121 Anne
95%
379 Jo
93%
440 Elisabeth
92%
12 Elizabeth
92%
239 Ana
91%
87 Anna
91%
304 Jenifer
90%
1 Jennifer
90%
323 Lara
90%
20 Laura
90%
318 Lora
90%
73 Catherine
89%
277 Jane
89%
494 Katharine
89%
55 Katherine
89%
91 Kathryn
89%
35 Maria
89%
50 Sara
89%
19 Sarah
89%
297 Christi
88%
157 Christie
88%
71 Christy
88%
11 Jessica
88%
18 Julie
88%
107 Kristi
88%
167 Kristie
88%
114 Kristy
88%
130 Carol
86%
66 Emily
86%
448 Emma
86%
203 Rachael
86%
33 Rachel
86%
352 Joan
85%
131 Julia
85%
6 Lisa
85%
316 Olivia
85%
150 Aimee
84%
317 Amie
84%
2 Amy
84%
234 Rose
84%
16 Christina
83%
296 Cristina
83%
99 Kristina
83%
27 Susan
83%
103 Victoria
83%
17 Amanda
82%
452 Hannah
82%
67 Linda
82%
459 Lynda
82%
101 Margaret
82%
30 Patricia
82%
209 Charlotte
81%
231 Helen
81%
137 Lauren
81%
109 Beth
80%
97 Diana
80%
365 Dianna
80%
25 Karen
80%
376 Karin
80%
3 Melissa
80%
13 Rebecca
80%
240 Alice
79%
170 Angel
79%
215 Caroline
79%
371 Grace
79%
486 Isabel
79%
266 Joann
79%
221 Joanne
79%
397 Kate
79%
382 Melisa
79%
51 Michele
79%
4 Michelle
79%
274 Rebekah
79%
123 Diane
78%
499 Dianne
78%
201 Kelley
78%
194 Kellie
78%
14 Kelly
78%
141 Kim
78%
110 Samantha
78%
136 Alison
77%
95 Allison
77%
392 Carey
77%
455 Cari
77%
22 Christine
77%
124 Janet
77%
155 Kari
77%
481 Karrie
77%
138 Kelli
77%
213 Keri
77%
187 Kerri
77%
175 Kerry
77%
143 Kristine
77%
10 Nicole
77%
290 Stefanie
77%
9 Stephanie
77%
158 Marie
76%
156 Nichole
76%
399 Annie
75%
76 Barbara
75%
232 Ellen
75%
238 Frances
75%
166 Katie
75%
41 Carrie
74%
480 Kimberlee
74%
260 Kimberley
74%
5 Kimberly
74%
105 Natalie
74%
44 Sandra
74%
345 Abigail
73%
61 Deborah
73%
93 Debra
73%
293 Eva
73%
262 Evelyn
73%
454 Lea
73%
139 Leah
73%
196 Ruth
73%
7 Angela
72%
140 Ashley
72%
227 Betty
72%
64 Donna
72%
241 Jean
72%
303 Jeanne
72%
89 Megan
72%
278 Meghan
72%
180 Molly
72%
216 Rosa
72%
52 Teresa
72%
80 Theresa
72%
338 Alexandra
71%
405 Amelia
71%
46 Danielle
71%
320 Jennie
71%
132 Jenny
71%
388 Nora
71%
29 Tina
71%
82 Alicia
70%
288 Alisha
70%
28 Andrea
70%
60 Brenda
70%
78 Nancy
70%
98 Paula
70%
63 Sharon
70%
83 Veronica
70%
378 Wendi
70%
36 Wendy
70%
39 Erin
69%
430 Hollie
69%
58 Holly
69%
182 Joanna
69%
484 Claire
68%
417 Josephine
68%
56 Melanie
68%
449 Sophia
68%
113 Vanessa
68%
324 Alisa
67%
447 Alissa
67%
370 Alyssa
67%
375 Elisa
67%
8 Heather
67%
48 Pamela
67%
217 Bethany
66%
118 Carla
66%
228 Dorothy
66%
237 Karla
66%
111 Tracey
66%
142 Traci
66%
192 Tracie
66%
24 Tracy
66%
65 Amber
65%
199 Cathy
65%
59 Erica
65%
342 Ericka
65%
127 Erika
65%
134 Kathy
65%
45 Monica
65%
272 Judy
64%
161 Martha
64%
280 Sally
64%
47 Stacey
64%
271 Staci
64%
163 Stacie
64%
38 Stacy
64%
255 Audrey
63%
457 Jessie
63%
54 Jill
63%
96 Valerie
63%
487 Georgia
62%
344 Jaclyn
62%
85 Jacqueline
62%
329 Jacquelyn
62%
184 Janice
62%
473 Jenna
62%
145 Joy
62%
69 Kathleen
62%
32 Lori
62%
407 Lorie
62%
164 Lynn
62%
242 Hope
61%
264 Judith
61%
332 Nina
61%
356 Ruby
61%
380 Tania
61%
62 Tanya
61%
263 Tonia
61%
49 Tonya
61%
359 Angelina
60%
152 Cassandra
60%
79 Cheryl
60%
31 Cynthia
60%
331 Esther
60%
360 Faith
60%
84 Gina
60%
301 Irene
60%
327 Sheryl
60%
34 April
59%
253 Cara
59%
102 Cindy
59%
57 Dana
59%
294 Dena
59%
279 Jackie
59%
147 Kara
59%
283 Sandy
59%
273 Tami
59%
433 Tammi
59%
275 Tammie
59%
23 Tammy
59%
178 Toni
59%
373 Alexis
57%
53 Denise
57%
458 Mia
57%
483 Pauline
57%
128 Courtney
56%
490 Jasmine
56%
72 Kristen
56%
74 Kristin
56%
298 Naomi
56%
206 Penny
56%
42 Tiffany
56%
171 Bonnie
55%
453 Chrystal
55%
37 Crystal
55%
464 Edith
55%
441 Iris
55%
133 Jaime
55%
337 Jami
55%
40 Jamie
55%
363 Krystal
55%
172 Mandy
55%
151 Natasha
55%
250 Rita
55%
43 Tara
55%
435 Terra
55%
270 Angelica
54%
189 Becky
54%
26 Dawn
54%
229 Debbie
54%
190 Gloria
54%
104 Jodi
54%
285 Jodie
54%
120 Laurie
54%
443 Lena
54%
21 Shannon
54%
210 Belinda
53%
173 Jody
53%
322 Lesley
53%
70 Leslie
53%
325 Lydia
53%
421 Vivian
53%
160 Connie
52%
475 Malinda
52%
247 Maureen
52%
92 Melinda
52%
108 Suzanne
52%
315 Teri
52%
148 Terri
52%
387 Terry
52%
177 Yvonne
52%
204 Candace
51%
211 Candice
51%
461 Cassie
51%
348 Cherie
51%
268 Elaine
51%
219 Joyce
51%
355 Shari
51%
168 Shelley
51%
122 Shelly
51%
188 Sheri
51%
394 Sherrie
51%
94 Sherry
51%
426 Doris
50%
411 Lana
50%
119 Sheila
50%
384 Shelia
50%
169 Sherri
50%
183 Sonia
50%
149 Sonya
50%
90 Tamara
50%
319 Cheri
49%
312 Eileen
49%
469 Jillian
49%
401 Lillian
49%
220 Lindsay
49%
326 Lindsey
49%
251 Shirley
49%
197 Wanda
49%
162 Carmen
48%
485 Dora
48%
86 Rhonda
48%
339 Ronda
48%
436 Vicki
48%
314 Vickie
48%
222 Vicky
48%
153 Bridget
47%
432 Bridgette
47%
115 Carolyn
47%
77 Heidi
47%
198 Jeanette
47%
413 Jeannette
47%
311 Marilyn
47%
306 Miranda
47%
154 Anita
46%
398 Betsy
46%
214 Melody
46%
68 Robin
46%
185 Robyn
46%
159 Virginia
46%
186 Brooke
45%
207 Charlene
45%
302 Kirsten
45%
470 Leann
45%
420 Leanne
45%
350 Lee
45%
233 Leigh
45%
307 Roberta
45%
212 Yvette
45%
390 Camille
44%
340 Candy
44%
410 Elena
44%
424 Hilary
44%
479 Hillary
44%
205 Sylvia
44%
176 Annette
43%
195 Claudia
43%
129 Colleen
43%
230 Darlene
43%
191 Mindy
43%
125 Sabrina
43%
427 Selena
43%
429 Serena
43%
292 Casey
42%
412 Jocelyn
42%
126 Katrina
42%
425 Marci
42%
286 Marcia
42%
415 Marcie
42%
358 Marcy
42%
389 Marlene
42%
252 Marsha
42%
88 Renee
42%
385 Rosemary
42%
309 Dina
41%
287 Summer
41%
328 Autumn
40%
202 Beverly
40%
261 Billie
40%
395 Cecilia
40%
334 Gail
40%
300 Marisa
40%
369 Marissa
40%
496 Sue
40%
446 Tia
40%
428 Constance
39%
181 Kendra
39%
439 Marianne
39%
179 Meredith
39%
442 Paige
39%
249 Peggy
39%
193 Angie
38%
106 Brandi
38%
406 Brandie
38%
81 Brandy
38%
112 Regina
38%
254 Christa
37%
335 Deana
37%
117 Deanna
37%
146 Krista
37%
491 Nadine
37%
144 Tricia
37%
208 Trisha
37%
422 Whitney
37%
116 Yolanda
37%
135 Felicia
36%
419 Michael
36%
357 Miriam
36%
408 Tabatha
36%
223 Tabitha
36%
200 Adrienne
35%
438 Allyson
35%
400 Darla
35%
313 Gwendolyn
35%
372 Janine
35%
434 Jeanine
35%
256 Norma
35%
282 Priscilla
35%
308 Shauna
35%
174 Shawna
35%
341 Bobbi
34%
248 Bobbie
34%
431 Daphne
34%
225 Gretchen
34%
336 Lorraine
34%
460 Marjorie
34%
299 Rachelle
34%
284 Rochelle
34%
374 Jolene
33%
377 Shelby
33%
366 Adriana
32%
295 Janelle
32%
477 Laurel
32%
165 Monique
32%
305 Roxanne
32%
444 Arlene
31%
269 Charity
31%
466 Misti
30%
75 Misty
30%
495 Phyllis
30%
310 Sonja
30%
381 Bernadette
29%
396 Celeste
29%
472 Corinne
29%
403 Glenda
29%
462 Liza
29%
291 Loretta
29%
281 Jana
28%
276 Raquel
28%
236 Shawn
28%
497 Janie
27%
349 Marla
27%
246 Nikki
27%
386 Ramona
27%
218 Trina
27%
393 Alma
26%
409 Chasity
26%
463 Chastity
26%
416 Johanna
26%
257 Shana
26%
267 Shanna
26%
243 Tasha
25%
265 Desiree
24%
330 Lynette
24%
368 Angelique
22%
333 Antoinette
22%
226 Ginger
22%
258 Juanita
22%
346 Latisha
22%
259 Leticia
22%
404 Patrice
22%
423 Darcy
21%
347 Ebony
20%
482 Irma
20%
354 Jeannie
19%
465 Joni
18%
383 Lorena
18%
235 Latoya
17%
361 Marisol
17%
456 Aisha
15%
478 Gabriela
15%
498 Kisha
15%
367 Audra
14%
488 Esmeralda
14%
437 Margarita
14%
351 Angelia
13%
467 Blanca
13%
414 Guadalupe
13%
289 Keisha
13%
445 Latanya
13%
244 Latonya
13%
402 Maribel
12%
343 Chandra
11%
468 Dionne
11%
450 Lakeisha
11%
500 Lakesha
11%
364 Lakisha
11%
245 Latasha
11%
362 Tameka
11%
224 Tamika
11%
474 Yesenia
11%
476 Shonda
10%
489 Marcella
9%
418 Tisha
9%
493 Ladonna
8%
492 Luz
8%
353 Kenya
7%
471 Lashonda
7%
451 Lawanda
6%
391 Tanisha
6%
321 Katina
5%
No matching quizzes found
Score Distribution
Percent of People with Each Score
Percentile by Number Answered
Your Score History
You have not taken this quiz